000 00297nam a22001337a 4500
008 170424b xxu||||| |||| 00| 0 eng d
020 _a9788131213742
041 _aeng
080 _26 ED
_a547
100 _a12
101 _aSHM
245 _aCLINICAL CHEMISTRY
_cBURTIS.C.A
942 _2udc
_cBK
999 _c11703
_d11703